Statistics for Serbia First Level Subdivisions

Click here to take the quiz!

General Stats

  • This quiz has been taken 153 times
  • The average score is 12 of 25

Answer Stats

Okruga% Correct
Belgrade
89%
Srem
61%
Bor
58%
South Banat
58%
North Banat
56%
Central Banat
55%
North Bačka
52%
Zlatibor
52%
South Bačka
50%
Šumadija
48%
West Bačka
47%
Mačva
45%
Nišava
45%
Kolubara
44%
Raška
44%
Pomoravlje
42%
Pirot
40%
Zaječar
40%
Podunavlje
39%
Pčinja
37%
Rasina
37%
Toplica
37%
Braničevo
35%
Jablanica
31%
Moravica
29%

Score Distribution

Percentile by Number Answered

Percent of People with Each Score

Your Score History

You have not taken this quiz